000 01439nam0a22003371 4500
001 RU\NLR\P19\A1SV\4913
005 20260407020235.0
035 _a(NLR Aleph) 011122844
090 _a11530843
_c11530843
100 _a19980515d1926 u y0rusy50 ca
101 0 _arus
102 _aRU
105 _ay |||||||||
200 1 _aПервое собрание уполномоченных Архангельского союза промысловой кооперации , 20-23 февраля 1926 года
_e[протокол]
210 _aАрхангельск
_cГублит
_d1926
_eТип. кооп. т-ва "Прибой"
215 _a54 с., [5] л. табл.
_d21 см
606 1 _aПромыслы
_xИстория
_yАрхангельская губерния
_92622691
_3RU\NLR\AUTH\661559251
617 _aРоссия
_mЕвропейская часть
_mСевер
_cАрхангельская губерния
620 _dАрхангельск
686 _aУ30(28)09
686 _aТ3(2Р-4Арх)71-2
686 _aТ52(2Р31-4Арх)
710 0 2 _aАрхангельский союз промысловой кооперации
_bСобрание уполномоченных
_d1
_f1926
_3RU\NLR\AUTH\8810004974
_9507310
801 0 _aRU
_bNLR
_c19980515
801 2 _aRU
_bNLR
_c20110805
_2rusmarc
852 _aNLR
_j34/2754а
899 _aРКП
899 _aБАН
899 _aРГБ
942 _cBOOK
980 _aNB